Tanárok nyári akadémiája
Elmentve itt :
| Dokumentumtípus: | Cikk |
|---|---|
| Megjelent: |
1981-06-30
|
| Sorozat: | Délmagyarország
71 No. 151 |
| Kulcsszavak: | nyári egyetem |
| Online Access: | http://dmarchiv.bibl.u-szeged.hu/115191 |
| LEADER | 00399nab a2200145 i 4500 | ||
|---|---|---|---|
| 001 | delm115191 | ||
| 005 | 20190618090510.0 | ||
| 008 | 190618s1981 hu o 0|| hun d | ||
| 040 | |a SZTE Délmagyarország Archívum |b hun | ||
| 041 | |a hun | ||
| 245 | 0 | 0 | |a Tanárok nyári akadémiája |h [elektronikus dokumentum] |
| 260 | |c 1981-06-30 | ||
| 300 | |a 5 | ||
| 490 | 0 | |a Délmagyarország |v 71 No. 151 | |
| 695 | |a nyári egyetem | ||